[Event "Bremen Silvester op"]
[Site "Bremen"]
[Date "2021.12.29"]
[Round "5"]
[White "Pubantz, Jan"]
[Black "Lambers, Gabriel"]
[Result "1-0"]
[WhiteElo "2286"]
[BlackElo "1670"]
[PlyCount "73"]
[EventDate "2021.12.21"]
[EventType "swiss"]
[EventRounds "7"]
[EventCountry "GER"]
[SourceTitle "CBM 205 Extra"]
[Source "ChessBase"]
[SourceDate "2022.01.31"]
[SourceVersion "1"]
[SourceVersionDate "2022.01.31"]
[SourceQuality "1"]

1. d4 Nf6 2. c4 b6 3. Nc3 Bb7 4. Nf3 e6 5. a3 Be7 6. d5 exd5 7. cxd5 0-0 8. g3 d6 9. Bg2 Nbd7 10. 0-0 Re8 11. Nd4 Ne5 12. f4 Ng6 13. e4 Qc8 14. Re1 Bf8 15. h3 h5 16. Be3 a5 17. Qc2 Nd7 18. Ncb5 Nc5 19. b4 axb4 20. axb4 Rxa1 21. Rxa1 Na6 22. Qc3 Re7 23. Nf5 Rd7 24. Bd4 f6 25. Be3 Rf7 26. Nbd4 Nb8 27. Bf3 Rd7 28. Bxh5 Ne7 29. Bg4 Qe8 30. Nxe7+ Rxe7 31. Be6+ Kh8 32. Bf2 c5 33. dxc6 Rc7 34. b5 Bc8 35. Qb3 Bxe6 36. Nxe6 Qf7 37. Ra8 1-0

[Event "Bremen Silvester op"]
[Site "Bremen"]
[Date "2019.12.29"]
[Round "6"]
[White "Lambers, Gabriel"]
[Black "Stern, Philipp"]
[Result "0-1"]
[WhiteElo "1629"]
[BlackElo "1919"]
[PlyCount "72"]
[EventDate "2019.12.27"]
[EventType "swiss"]
[EventRounds "7"]
[EventCountry "GER"]
[SourceTitle "CBM 194 Extra"]
[Source "ChessBase"]
[SourceDate "2020.03.31"]
[SourceVersion "1"]
[SourceVersionDate "2020.03.31"]
[SourceQuality "1"]

1. e4 c5 2. Nf3 g6 3. d4 cxd4 4. Nxd4 Nc6 5. Be3 Nf6 6. Nc3 Bg7 7. f3 0-0 8. Bc4 d6 9. Qd2 Bd7 10. 0-0-0 a6 11. Kb1 b5 12. Bb3 Na5 13. h4 h5 14. Bh6 Qc7 15. Bxg7 Kxg7 16. Nd5 Nxb3 17. axb3 Nxd5 18. exd5 Qc5 19. g4 Rh8 20. Qe3 Rae8 21. Rdg1 Qxd5 22. Qc3 e5 23. Ne2 Rc8 24. Qe3 Qc5 25. Qd3 Bc6 26. Ng3 hxg4 27. Ne4 Bxe4 28. fxe4 Rxh4 29. Qd2 Rch8 30. Qg2 Rxh1 31. Rxh1 Rxh1+ 32. Qxh1 Qf2 33. Qd1 g3 34. Qxd6 g2 35. Qxe5+ Qf6 36. Qg3 Qf1+ 0-1

[Event "Bremen Silvester op"]
[Site "Bremen"]
[Date "2019.12.27"]
[Round "1"]
[White "Ehlert, Horst"]
[Black "Lambers, Gabriel"]
[Result "0-1"]
[WhiteElo "2038"]
[BlackElo "1629"]
[PlyCount "94"]
[EventDate "2019.12.27"]
[EventType "swiss"]
[EventRounds "7"]
[EventCountry "GER"]
[SourceTitle "CBM 194 Extra"]
[Source "ChessBase"]
[SourceDate "2020.03.31"]
[SourceVersion "1"]
[SourceVersionDate "2020.03.31"]
[SourceQuality "1"]

1. c4 c5 2. g3 Nc6 3. Bg2 Nf6 4. Nc3 g6 5. e3 Bg7 6. Nge2 0-0 7. 0-0 d6 8. a3 Bg4 9. h3 Be6 10. d3 Qc8 11. Nf4 Bd7 12. Kh2 Re8 13. Rb1 Rb8 14. Qc2 g5 15. Nfe2 g4 16. h4 Ne5 17. Ng1 Bc6 18. e4 Qe6 19. Nce2 Nh5 20. b3 Ng6 21. f3 gxf3 22. Nxf3 Ne5 23. Nxe5 Bxe5 24. Rf5 Ng7 25. Rf3 Qg4 26. Bf4 Qc8 27. Bxe5 dxe5 28. Rbf1 Rf8 29. Bh3 Bd7 30. Bxd7 Qxd7 31. Qc1 Rbc8 32. Qg5 f6 33. Qe3 Ne6 34. g4 Rcd8 35. g5 fxg5 36. Rxf8+ Rxf8 37. Rxf8+ Kxf8 38. hxg5 Qd6 39. Kg2 Nd4 40. Ng3 Nxb3 41. Nf5 Qg6 42. Qg3 Nd4 43. Nh4 Qh5 44. g6 Qe2+ 45. Kh3 Qh5 46. gxh7 Qxh7 47. Qxe5 Qxh4+ 0-1

[Event "Bremen-ch"]
[Site "Bremen"]
[Date "2019.04.16"]
[Round "5.19"]
[White "Lambers, Gabriel"]
[Black "Wuttke, Manfred"]
[Result "1-0"]
[WhiteElo "1547"]
[BlackElo "1643"]
[PlyCount "69"]
[EventDate "2019.04.13"]
[EventType "swiss"]
[EventRounds "9"]
[EventCountry "GER"]
[SourceTitle "EXT 2020"]
[Source "ChessBase"]
[SourceDate "2019.10.17"]
[SourceVersion "1"]
[SourceVersionDate "2019.10.17"]
[SourceQuality "1"]

1. e4 d6 2. d4 Nf6 3. Nc3 g6 4. Bc4 Bg7 5. f3 c6 6. Be3 0-0 7. Qd2 e5 8. d5 a6 9. 0-0-0 b5 10. Bf1 c5 11. g4 Qa5 12. Kb1 c4 13. Qf2 Nbd7 14. h4 b4 15. Nce2 c3 16. g5 Nh5 17. Ng3 Nf4 18. Nh3 Nc5 19. Nxf4 exf4 20. Bxf4 cxb2 21. Bxd6 Na4 22. Ne2 Bd7 23. Rd3 Bb5 24. Rb3 Bxe2 25. Bxb4 Nc3+ 26. Bxc3 Bxc3 27. Bxe2 Rab8 28. h5 Rxb3 29. cxb3 Rc8 30. Bc4 Bd2 31. Qd4 Bc3 32. Qd3 Bd2 33. hxg6 hxg6 34. Qd4 Bc3 35. Rh8# 1-0

[Event "Bremen-ch"]
[Site "Bremen"]
[Date "2019.04.14"]
[Round "3.10"]
[White "Rademacher, Uwe"]
[Black "Lambers, Gabriel"]
[Result "1/2-1/2"]
[WhiteElo "1527"]
[BlackElo "1547"]
[PlyCount "67"]
[EventDate "2019.04.13"]
[EventType "swiss"]
[EventRounds "9"]
[EventCountry "GER"]
[SourceTitle "EXT 2020"]
[Source "ChessBase"]
[SourceDate "2019.10.17"]
[SourceVersion "1"]
[SourceVersionDate "2019.10.17"]
[SourceQuality "1"]

1. e4 c5 2. Nf3 d6 3. d4 cxd4 4. Nxd4 Nf6 5. Nc3 a6 6. Be2 e5 7. Nf3 Be7 8. Bg5 Nbd7 9. h3 h6 10. Be3 b5 11. Bxb5 axb5 12. Nxb5 0-0 13. Nxd6 Bxd6 14. Qxd6 Nxe4 15. Qd5 Qa5+ 16. Qxa5 Rxa5 17. 0-0 f5 18. a4 f4 19. Bc1 Ndc5 20. Nxe5 Rxa4 21. Rxa4 Nxa4 22. Ng6 Re8 23. Nxf4 Nf6 24. Rd1 g5 25. Nd3 Bf5 26. Kf1 Rd8 27. f3 Bxd3+ 28. Rxd3 Rxd3 29. cxd3 Nc5 30. Ke2 Nd5 31. g3 Nb3 32. Bxg5 hxg5 33. h4 gxh4 34. gxh4 1/2-1/2